TOP 5 Eredivisie sinds 2000 - Statistieken

Algemene statistieken
  • Deze quiz is 198 keer genomen
    40 sinds de laatste reset
  • De gemiddelde score is 113 van 125
Antwoordstatistieken
Hint Antwoord % Correct
2 | 2001/02:1 | 2003/04:1 | +10 others Ajax
100%
2 | 2000/01:1 | 2002/03:1 | +11 others PSV
100%
2 | 2016/17:1 | 2022/23 :1 | +3 others Feyenoord
97%
2 | 2008/09:1 | 3 | +2 others AZ
93%
5 NEC
83%
3 | 5 Groningen
79%
4 | 5 Heerenveen
79%
2 | 2009/10:1 | 3 | +2 others Twente
79%
4 | 5 Utrecht
79%
4 | 5 Vitesse
66%
5 VItesse
66%
4 NAC
62%
5 Heracles
59%
5 Willem 2
45%
5 ADO
34%
4 Roda JC
34%
Geen overeenkomende quizzen gevonden
Scoreverdeling
Procent van Mensen met Elke Score
Percentiel versus Aantal Correcte Antwoorden
Uw Scoregeschiedenis
U heeft deze quiz nog niet genomen sinds de laatste reset